MDQL
is popping MORE tags! Check the
thread
!
Quizzes
Events
Quiz Creation
Community
Videos
Private Events
Remove Ads
Sign In
Join for FREE
Feedback
Dark Mode
Quiz Categories
Sports
Geography
Music
Movies
Television
Just For Fun
Miscellaneous
History
Literature
Language
Science
Gaming
Entertainment
Religion
Holiday
For Kids
Quiz Lab
Recent
Popular Today
Quiz Kudos Today
Editor Picks
Curator Picks
Quizzes by...
Day
Popularity
Type
Ratings
Length
Year
Community
Subscriptions
Recent Discussions
Orange Saloon
Badges
Playlists
Quests
Create
Leaderboards
Showdown
Live 5
Trivia Bingo
Activity
Puzzle Library
Sporcle Events
Private Events
Virtual Trivia
Globe League
Become a Host
Pub Owners
SporcleCon
Opinionation
Our Games
Videos
Blog
Mobile Apps
Partnerships
Remove Ads and Go Orange
Feedback
Science
Computer
Plants
Astronomy
Chemistry
Elements
Math
Animal
Physics
Anatomy
Biology
Geology
General Science
Science
Computer
Plants
Astronomy
Chemistry
Elements
Math
Animal
Physics
Anatomy
Biology
Geology
General Science
Random Quiz
Search Sporcle
×
Quiz Lab
Quiz Lab
Science
Vocabulary
Type in answers that appear in a list
Type in answers that appear in a list
Classic
Best Score? Go Orange.
Psych Vocab Chp 1: History & Evolution Stats
Can you name the Psych Vocab Chp 1: History & Evolution?
By
elocinico
10m
41 Questions
28 Plays
28 Plays
28 Plays
Comments
Comments
Give Quiz Kudos
Give Quiz Kudos
-
- Ratings
hide this ad
Forced Order
Answers have to be entered in order
Answers have to be entered in order
Random Order
Randomize order of answers
Randomize order of answers
Replay
Link that replays current quiz
Next Quiz
Link to next quiz in quiz playlist
You Got
0%
They Got
Avg Score
37%
Avg Friend Score
Upgrade to see
Score Distribution
Jump to the score distribution portion of the page
Score
0/41
Timer
10:00
0
Plays Today
description
word/key phrase
% Correct
the scientific study of mind and behavior
psychology
75%
greek philosopher who believed certain kinds of knowledge are innate
plato
57.1%
observable actions of human beings and nonhuman animals
behavior
53.6%
greek philosopher who believed that the mind is a blank slate
aristotle
53.6%
an action or physiological change elicited by a stimulus
response
53.6%
person who studied why dogs salivate at the sight of their feeders
ivan pavlov
53.6%
largest organization of psychologists in the U.S.
American Psychological Association
53.6%
first lecturer of psychology in US, he was a functionalist
william james
53.6%
a subfield of psych that studies the causes and consequences of interpersonal behavior
social psychology
50%
a now defunct theory that specific mental abilities and characteristics, ranging from memory to the capacity for happiness, are localized in specific regions of the brain
phrenology
46.4%
the amount of time taken to respond to a specific stimulus
reaction time
46.4%
a therapeutic approach focusing on bringing unconscious to conscious to better understand psych disorders
psychoanalysis
46.4%
person who formulated reinforcement
b. f. skinner
46.4%
the scientific study of mental processes (perception, thought, memory, reasoning)
cognitive psychology
46.4%
the part of the mind that operates outside of conscious, awareness but influences conscious thoughts, feelings, and actions
unconscious
42.9%
a psychological approach explaining mind and behavior in terms of the adaptive value of abilities that are preserved over time by natural selection
evolutionary psychology
42.9%
sensory input from the environment
stimulus
39.3%
he founded the first laboratory devoted exclusively to psychology
wilhelm wundt
39.3%
a psychological approach saying we often perceive the whole rather than sum of the parts
gestalt psychology
39.3%
man who believed that private xperiences too vague to be scientifically studied, behaviorist
john watson
39.3%
the study of biological processes, especially in the human body
physiology
35.7%
description
word/key phrase
% Correct
a field that tries to understand link between cognitive processes and brain activity
neuroscience
35.7%
the study of how cultures reflect and shape the psych processes of members
cultural psychology
35.7%
the first phrenology theorist
francis gall
32.1%
the analysis of the basic elements that constitute the mind
structuralism
32.1%
the subjective observation of one's own experience
introspection
32.1%
an approach to understanding human nature that focuses on positive potential of human beings
humanistic psychology
32.1%
the consequences of a behavior that determine whether it will be more likely that the behavior will occur again
reinforcement
32.1%
our private inner experience of perceptions, thoughts, memories, and feelings
mind
28.6%
the philosophical view that certain kinds of knowledge are innate or born
nativism
25%
scientist who worked with a patient suffering damage to a small part of the left side of the brain, almost completely unable to speak but understood all that was said to him
paul broca
25%
a temp loss of cognitive or motor functions, usually bc of emotionally upsetting xperiences
hysteria
25%
a person's subjective experience of the world and the mind
consciousness
21.4%
he developed a method for measuring the speed of nerve impulses by recording reaction time
Hermann von helmholtz
21.4%
the study of the purpose mental processes serve in enablig people to adapt to their environment
functionalism
21.4%
errors of perception, memory, or judgement in which subj experience differs from obj reality
illusion
21.4%
Sig Freud's approach to understanding human behavior, the importance of unconscious mental processes in shaping feelings, thoughts, behaviors
psychoanalytic theory
21.4%
philosophical view that all knowledge is acquired through experience
philosophical empiricism
17.9%
she became the first woman president of the APA
mary calkins
17.9%
he did research that influenced the supreme court decision to ban segregation in public schools
kenneth clark
17.9%
an approach to psych that links psych processes to activities in the nervous system and other bodily processes
behavioral neuroscience
14.3%
Quiz Playlist
Details
Report
Send in Message
Add To Playlist
Classic:
Type in answers that appear in a list
Forced Order:
Answers have to be entered in order
Random Order:
Randomize order of answers
Last Updated: Feb 16, 2017
Quiz Scoreboard
CHALLENGE
Sign Up to Join the Scoreboard
Show All
Scores
Hide
Comments
May contain spoilers
Recently Published
Image Sorting: Flags VI
by Barbecue
Geography
2m
Find the 'City' Movie
by crazypaving
Movies
60s
Colored Red Africa Blitz
by spor1
Geography
45s
More to Explore
Quiz From the Vault
Featured Blog Post
14 Easter Pick-up Lines to Find Eggs With
hide this ad
You Might Also Like...
Tags
Vocabulary Quiz
description
Evolution
History Evolution
Key
phrase
Psych
Today's Top Quizzes in Science
Browse Science
hide this ad
Today's Top Quizzes in Vocabulary
Browse Vocabulary
Top Contributed Quizzes in Science
1
Windmill: Elements
2
200 Vogels in Nederland
3
Square Numbers Scrambled (1-50)
4
Count to 60
5
Glycolysis
6
Elements In Images
7
17 TIMES TABLE
8
4-letter Elementary Words III
9
The First 100 Digits of Pi
10
Astronomy Spelling Bee
Explore More
Trending Topics
Marvel
Crossword
Anime
Harry Potter
NBA
Disney
Kpop
Pokémon
NFL
Puzzle
WWE
Country
The Office
Soccer
Song
hide this ad
More By:
elocinico
Quiz
Plays
Rating
Category
Featured
Created
Spanish: The Body and Medical Vocab
532
2.33
Language
Feb 15, 2010
Psych Vocab Chp 3: Neuroscience & Behavi
319
Science
Feb 6, 2010
Verbs from Spanish I
143
3.00
Language
Jan 15, 2010
Spanish Television and Movies Vocab
76
2.00
Language
Jan 15, 2010
Spanish: Buying Clothes
73
3.00
Language
Jan 24, 2010
Go to Creator's Profile
Score Distribution
Quiz Creator Spotlight
elocinico
Follow
Send a Message
Quizzes Created
-
Created Quiz Play Count
-
More By This Creator
Popular Quizzes Today
1
Colored Red Africa Blitz
2
Find the US States - No Outlines Minefield
3
Find the 'City' Movie
4
5x2 Blitz: Bands
5
The Countries of the World
6
Find the US States
7
Find the Countries of Europe - No Outlines Minefield
8
US States
More Science Quizzes
Famous Crater Namesakes: The Moon
Editor's Pick
Trending Quizzes
Colored Red Europe Blitz I
Colored Red Europe Blitz II
Colored Red Africa Blitz II
Colored Red Europe Blitz III
Colored Red Africa Blitz III
Recently Updated
How Do You Spell That?
pecheneg
Godzilla Movies
pecheneg
Grab Bag: 4-10 Letters
pecheneg
2024 March Madness Bracket
pecheneg
Famous TV Couples
Peacemaker
Champions League XIs: Real Madrid
pecheneg
Largest US Cities 1790-2010
pecheneg
Rides in Walt Disney World
pecheneg
Most Oscar Losses (Acting)
pecheneg
Beyoncé Albums
pecheneg
Trending Topics
Anime
Crossword
Harry Potter
NBA
Kpop
Marvel
Disney
Country
Pokémon
The Office
Puzzle
Song
Soccer
NFL
WWE
Your Account Isn't Verified!
In order to create a playlist on Sporcle, you need to verify the email address you used during registration. Go to your
Sporcle Settings
to finish the process.
Report this User
Report this user for behavior that violates our
Community Guidelines
.
Details:
Send Report
Go to the Sporcle.com Mobile Site →
Comments